=LDR 00000nam 2200000 4500 =001 INLIS000000000001379 =005 20130612085803 =008 ***********************************Ind** =035 ##$$0010-061300000001379 =041 ##$$a Ind =082 ##$$a 530.07 =090 ##$$a 530.07, Sum-t =100 ##$$a SUMIJADI RWT =245 ##$$a Terampil menerapkan konsep dan prinsip IPA Fisika untuk SLTP, Sesuai kurikulum pendidikan dasar 1994 GBPP SLTP =260 ##$$a 1995 $b Solo =300 ##$$a ...jil, ilus, 28 cm =650 ##$$a Fisika =650 ##$$a Studi dan Pengajaran =850 ##$$a NBPNMAT